000
00243nam a2200097Ia 4500
008
230508s1986 xx 000 0 und d
041
_a
eng
100
_a
LEVENTHAL L.A.
245
_a
INTRODUCTION TO MICROPROCESSOR,S/W,H/W PROG.
260
_c
1986
999
_c
731924
_d
731924